Statistics for Armenia in Eurovision (2006-2020)

Click here to take the quiz!

General Stats

  • This quiz has been taken 6 times
  • The average score is 8 of 13

Answer Stats

YearSingerLanguageSong NamePlacePoints% Correct
2010Eva RivasEnglishApricot Stone7th141
80%
2011EmmyEnglishBoom Boom12th54
80%
2017ArtsvikEnglishFly With Me18th79
80%
2016Iveta MukuchyanEnglishLoveWave7th249
80%
2014Aram Mp3EnglishNot Alone4th174
80%
2018Sevak KhanagyanArmenianQami15th79
80%
2008SirushoEnglish & ArmenianQélé, Qélé4th199
80%
2019SrbukEnglishWalking Out16th49
80%
2009Inga and AnushEnglish & ArmenianJan Jan10th92
60%
2007HaykoEnglish & ArmenianAnytime You Need8th138
40%
2015Genealogy (Group)EnglishFace the Shadow16th34
40%
2013Dorians (Group)EnglishLonely Planet18th41
40%
2006AndréEnglishWithout Your Love8th129
20%

Score Distribution

Percentile by Number Answered

Percent of People with Each Score

Your Score History

You have not taken this quiz